000 00706nam a2200193Ia 4500
003 GCL
005 20240530110321.0
008 140319s9999 xx 000 0 ara d
040 _aGCL /
_cGCL
082 0 4 _aم
_b412
_bن م
100 1 _aندى عبدالرحمن يوسف الشايع
245 1 0 _aمعجم لغة دواوين شعراء المعلقات العشر تاصيلا ودلالة وصرفا /
_cندى عبدالرحمن يوسف الشايع
650 0 4 _aاللغة العربية
650 0 4 _aالمعاجم
650 0 4 _aفقه اللغة
650 0 4 _aاللغة العربية - المعاجم
650 0 4 _aاللغه- المترادفات والاضداد
942 _2ddc
_cREF
999 _c59689
_d59689